| 000 | nam a22 a 4500 | ||
|---|---|---|---|
| 999 |
_c3093 _d3093 |
||
| 005 | 20170519112023.0 | ||
| 008 | 170519b1985 nyu||||| |||| 00| 0 eng d | ||
| 020 | _a0380703084 | ||
| 040 | _aAKMAL | ||
| 082 | 0 | 4 | _a658.3 JOH |
| 090 | _a658.3 JOH | ||
| 100 |
_aJohnson, Spencer _96415 |
||
| 245 | _aOne Minute For Myself | ||
| 300 |
_a109p _c20cm |
||
| 942 |
_2ddc _cBOOK |
||